Estadísticas para Países de Asia

Haz click aquí para intentar la prueba.

Estadísticas generales

  • Esta prueba ha sido intentada 2.103 veces
    (1.861 desde el último reinicio)
  • La puntuación promedio es 34 de 48

Estadísticas de respuestas

País% Correcto
China
96%
Japón
92%
Corea del Norte
90%
Corea del Sur
89%
India
87%
Irán
85%
Afganistán
84%
Irak
83%
Mongolia
82%
Pakistán
81%
Indonesia
80%
Vietnam
79%
Israel
78%
Nepal
77%
Filipinas
76%
Tailandia
76%
Arabia Saudita
75%
Laos
75%
Omán
75%
Malasia
74%
Taiwán
74%
Yemen
73%
Armenia
72%
Siria
72%
Camboya
71%
Turquía
70%
Georgia
69%
Jordania
69%
Singapur
68%
Emiratos Árabes Unidos
67%
Bangladés
66%
Sri Lanka
65%
Kuwait
64%
Bután
63%
Catar
63%
Uzbekistán
62%
Líbano
61%
Birmania
59%
Brunéi
59%
Turkmenistán
57%
Kazajistán
56%
Chipre
53%
Azerbaiyán
50%
Baréin
50%
Maldivas
50%
Timor Oriental
50%
Kirguistán
49%
Tayikistán
47%

Distribución de puntuación

Porcentaje por número respondido

Porcentaje de gente con cada puntuación

Historial de tus puntuaciones

No has intentado esta prueba desde el último reinicio